Teach yourself visually more jewelry making : Techniques to take your projects to the next level
The book gives you technique-specific chapters covering: basic metal work, metal cold connections, sculpting with metal clay, embellishing metal, designing with chain, using adhesives, and working with art glaze, resin, and leather. Plus, a final chapter devoted to example projects gives you instruc...
Enregistré dans:
| Auteur principal: | |
|---|---|
| Format: | Livre |
| Langue: | Undetermined |
| Publié: |
Hoboken, N.J
Wiley
2012
|
| Sujets: | |
| Tags: |
Ajouter un tag
Pas de tags, Soyez le premier à ajouter un tag!
|
| Thư viện lưu trữ: | Trung tâm Học liệu Trường Đại học Cần Thơ |
|---|
| LEADER | 01019nam a2200217Ia 4500 | ||
|---|---|---|---|
| 001 | CTU_217435 | ||
| 008 | 210402s9999 xx 000 0 und d | ||
| 020 | |c 5.43 | ||
| 082 | |a 745.5942 | ||
| 082 | |b M621 | ||
| 100 | |a Michaels, Chris Franchetti | ||
| 245 | 0 | |a Teach yourself visually more jewelry making : | |
| 245 | 0 | |b Techniques to take your projects to the next level | |
| 245 | 0 | |c Chris Franchetti Michaels | |
| 260 | |a Hoboken, N.J | ||
| 260 | |b Wiley | ||
| 260 | |c 2012 | ||
| 520 | |a The book gives you technique-specific chapters covering: basic metal work, metal cold connections, sculpting with metal clay, embellishing metal, designing with chain, using adhesives, and working with art glaze, resin, and leather. Plus, a final chapter devoted to example projects gives you instruction for making 12 unique pieces to add to your jewelry collection. | ||
| 650 | |a Jewelry making,Làm đồ trang sức | ||
| 904 | |i Nhi, Trinh, Tuyến | ||
| 980 | |a Trung tâm Học liệu Trường Đại học Cần Thơ | ||